Una hoja en la tormenta

Gorde:
Xehetasun bibliografikoak
Egile nagusia: Yutang, Lin
Formatua: Liburua
Hizkuntza:Undetermined
Argitaratua: Buenos Aires, Argentina Sudamericana 1942
Gaiak:
Etiketak: Etiketa erantsi
Etiketarik gabe, Izan zaitez lehena erregistro honi etiketa jartzen!

MARC

LEADER 00000nam a2200000Ia 4500
008 170316s9999 xx 000 0 und d
040 |a cru BVZT 
090 |a 895-Ch Y-1u 
100 |a Yutang, Lin 
245 |a Una hoja en la tormenta 
260 |a Buenos Aires, Argentina 
260 |b Sudamericana 
260 |c 1942 
300 |a 555 páginas 
650 |a LITERATURA CHINA 
999 |c 12145  |d 12145 
942 |c 15 D  |h 895-Ch Y-1u  |2 z